000 00845nam a2200253 a 4500
001 BRCA_4521
005 20190320204713.0
008 210910s1953----mx-#######---#000-0#spa-#
041 _aspa
044 _amx
050 4 _aML410
_b.G38 1953
100 1 _aGatti, Carlo
_911448
245 1 0 _aVerdi
_cCarlo Gatti ; traducción Ada D´Aloja y revisada por Juan José Arreola.
260 _aMéxico
_bAméxica
_c1953
300 _a678 p.
_c24 cm.
500 _aEdición dispuesta por el Comité Nacional Verdi, que organizó en México los actos conmemorativos en el cincuentenario de la muerte de Verdi
500 _aCFG44
650 1 4 _aVerdi, Giuseppe
_y1813-1901
_911449
650 1 4 _aCompositores italianos
_911450
700 1 _aD´Aloja, Ada
_eTraductora
_911451
700 1 _aArreola, Juan José
_911452
902 _aGFM
942 _2lcc
_cB
999 _c4227
_d4227